<?xml version="1.0" encoding="UTF-8"?>
<record
    xmlns:xsi="http://www.w3.org/2001/XMLSchema-instance"
    xsi:schemaLocation="http://www.loc.gov/MARC21/slim http://www.loc.gov/standards/marcxml/schema/MARC21slim.xsd"
    xmlns="http://www.loc.gov/MARC21/slim">

  <leader>00209nam a2200085   4500</leader>
  <controlfield tag="001">1255006</controlfield>
  <controlfield tag="005">20251202113322.0</controlfield>
  <datafield tag="245" ind1=" " ind2=" ">
    <subfield code="a">Y&#xDC;RE&#x11E;&#x130;ME DOKUNAN ELLER</subfield>
    <subfield code="c">AL&#x130;&#x15E;AN KAPAKLIKAYA</subfield>
  </datafield>
  <datafield tag="260" ind1=" " ind2=" ">
    <subfield code="b">YED&#x130;VEREN YAYINLARI</subfield>
  </datafield>
  <datafield tag="999" ind1=" " ind2=" ">
    <subfield code="c">1255006</subfield>
    <subfield code="d">1255006</subfield>
  </datafield>
  <datafield tag="952" ind1=" " ind2=" ">
    <subfield code="0">0</subfield>
    <subfield code="1">0</subfield>
    <subfield code="2">ddc</subfield>
    <subfield code="4">0</subfield>
    <subfield code="7">0</subfield>
    <subfield code="a">1100</subfield>
    <subfield code="b">1100</subfield>
    <subfield code="d">2025-12-02</subfield>
    <subfield code="l">1</subfield>
    <subfield code="p">1100133682</subfield>
    <subfield code="r">2026-03-09 10:56:06</subfield>
    <subfield code="s">2026-02-09</subfield>
    <subfield code="w">2025-12-02</subfield>
    <subfield code="y">BK</subfield>
  </datafield>
</record>
